| 000 | 01005cab a2200253 4500 | ||
|---|---|---|---|
| 001 | ABS57383 | ||
| 008 | 090401t1997 xxu||||| |||| 00| 0 eng d | ||
| 035 | _a(Sirsi) u79547 | ||
| 041 | _aeng | ||
| 100 | _aKimbell, J. | ||
| 245 | _aPleading and proving Barclays Bank v O`Brien claims | ||
| 260 | _c1997 | ||
| 350 | _a0 | ||
| 490 |
_aSolicitors` Journal _v141(25) 27 June 1997, 626-628(3) |
||
| 520 | _aExamines the effects of the CA decision in "Barclays Bank v Boulter" (1997 2 All ER 1002) over the earlier "Barclays Bank v O`Brien" (1993 4 All ER 417) case, concerning a mortgagor`s ability to possess the equitable right to set aside the legal charge or surety contract relied upon by the mortgagee, as a result of a wrongdoing by a third party. | ||
| 650 | _aBARCLAYS BANK PLC V BOULTER | ||
| 650 | _aBARCLAYS BANK V O`BRIEN | ||
| 650 | _aMORTGAGES | ||
| 650 | _aPOSSESSION | ||
| 650 | _aSURETY | ||
| 690 | _aPROPERTY LAW AND PRACTICE-CASE LAW | ||
| 942 | _n0 | ||
| 948 | _c10/07/1997 | ||
| 999 |
_c50014 _d50014 |
||